Հայոց պատմություն / (Record no. 10198)
[ view plain ]
| 000 -LEADER | |
|---|---|
| fixed length control field | 01094nam a2200241 a 4500 |
| 001 - CONTROL NUMBER | |
| control field | 000025018 |
| 003 - CONTROL NUMBER IDENTIFIER | |
| control field | AM-YEHGA |
| 005 - DATE AND TIME OF LATEST TRANSACTION | |
| control field | 20250618070854.0 |
| 008 - FIXED-LENGTH DATA ELEMENTS--GENERAL INFORMATION | |
| fixed length control field | 990516s1947 ai ||||gr|||||||||0|arm|d |
| 040 ## - CATALOGING SOURCE | |
| Original cataloging agency | AM-YeHGA |
| 041 1# - LANGUAGE CODE | |
| Language code of text/sound track or separate title | arm |
| 090 ## - LOCALLY ASSIGNED LC-TYPE CALL NUMBER (OCLC); LOCAL CALL NUMBER (RLIN) | |
| -- | 10273 |
| 100 0# - MAIN ENTRY--PERSONAL NAME | |
| Personal name | Փավստոս Բյուզանդ, |
| Dates associated with a name | V դ. (ծ. և մ. թթ. անհտ) |
| 9 (RLIN) | 2855 |
| 245 10 - TITLE STATEMENT | |
| Title | Հայոց պատմություն / |
| Statement of responsibility, etc. | Փավստոս Բյուզանդ ; Թարգմ. և ծանոթագր.՝ Ստ. Մալխասյանց. |
| 260 ## - PUBLICATION, DISTRIBUTION, ETC. | |
| Place of publication, distribution, etc. | Երևան : |
| Name of publisher, distributor, etc. | Հայպետհրատ, |
| Date of publication, distribution, etc. | 1947. |
| 300 ## - PHYSICAL DESCRIPTION | |
| Extent | 344 էջ ; |
| Dimensions | 21 սմ. |
| 440 #0 - SERIES STATEMENT/ADDED ENTRY--TITLE | |
| Title | Հայ պատմագիրների մատենաշար աշխարհաբար թարգմանությամբ |
| Volume/sequential designation | Գ. 4 |
| 504 ## - BIBLIOGRAPHY, ETC. NOTE | |
| Bibliography, etc. note | Ծանոթություններ, էջ՝ 307-344 |
| 650 14 - SUBJECT ADDED ENTRY--TOPICAL TERM | |
| Topical term or geographic name entry element | Հայ ժողովրդի պատմություն |
| 700 1# - ADDED ENTRY--PERSONAL NAME | |
| Personal name | Մալխասյանց, Ստեփան Սարգսի, |
| Dates associated with a name | 1857-1947 |
| Relator term | թարգմ. |
| Relationship | trl |
| Relator term | ծանոթագր. |
| Relationship | cmm |
| 9 (RLIN) | 8793 |
| 856 41 - ELECTRONIC LOCATION AND ACCESS | |
| Uniform Resource Identifier | <a href="https://arar.sci.am/dlibra/publication/390219/edition/360941/content">https://arar.sci.am/dlibra/publication/390219/edition/360941/content</a> |
| Link text | Կարդալ առցանց |
| 942 ## - ADDED ENTRY ELEMENTS (KOHA) | |
| Source of classification or shelving scheme | Universal Decimal Classification |
| Koha item type | Գրքեր / Books |
| Withdrawn status | Lost status | Damaged status | Not for loan | Collection | Home library | Current library | Date acquired | Total checkouts | Full call number | Barcode | Date last seen | Price effective from | Koha item type | Public note | Source of classification or shelving scheme |
|---|---|---|---|---|---|---|---|---|---|---|---|---|---|---|---|
| General | Fundamental Scientific Library | Fundamental Scientific Library | 21/12/2016 | AII/34255 | 220034255 | 21/12/2016 | 21/12/2016 | Գրքեր / Books | 30 Days Loan | ||||||
| General | Fundamental Scientific Library | Fundamental Scientific Library | 21/12/2016 | AII/34256 | 220034256 | 21/12/2016 | 21/12/2016 | Գրքեր / Books | 30 Days Loan | ||||||
| General | Fundamental Scientific Library | Fundamental Scientific Library | 21/12/2016 | AII/34257 | 220034257 | 21/12/2016 | 21/12/2016 | Գրքեր / Books | 30 Days Loan | ||||||
| General | Fundamental Scientific Library | Fundamental Scientific Library | 21/12/2016 | AII/34258 | 220034258 | 21/12/2016 | 21/12/2016 | Գրքեր / Books | 30 Days Loan | ||||||
| General | Fundamental Scientific Library | Fundamental Scientific Library | 21/12/2016 | AII/34259 | 220034259 | 21/12/2016 | 21/12/2016 | Գրքեր / Books | 30 Days Loan | ||||||
| Vache Nalbandyan Individual Collection | Fundamental Scientific Library | Fundamental Scientific Library | 21/12/2016 | Nalb/438 | FL0276409 | 21/12/2016 | 21/12/2016 | Գրքեր / Books | ILL Non-Circ. | Universal Decimal Classification | |||||
| Hovhannisian Individual Collection | Fundamental Scientific Library | Fundamental Scientific Library | 19/11/2018 | Հովհ/2488 | FL0508287 | 19/11/2018 | 19/11/2018 | Գրքեր / Books | ILL Non-Circ. | Universal Decimal Classification | |||||
| Kusikian Individual Collection | Fundamental Scientific Library | Fundamental Scientific Library | 10/03/2020 | Կուս/442 | FL0624238 | 10/03/2020 | 10/03/2020 | Գրքեր / Books | ILL Non-Circ. | Universal Decimal Classification |
ՀՀ Գիտությունների ազգային ակադեմիայի հիմնարար գիտական գրադարան = Fundamental Scientific Library of NAS RA
All site content, except where otherwise noted, is licensed under a